Ardèche - mort subite - Statistiques

Statistiques générales
  • Ce quiz a été pris 62 fois
  • Le résultat moyen est 12 sur 18
Answers on the Grid
Answers color-coded by a green-red scale on the quiz's grid according to % correct below.
Valence
Le Rhône
Lyon
Privas
Le Pont d'Arc
Les Cevennes
Grenoble
Daejeon
Herne
Aubenas
Les Alpes
Barisal
Tournon-sur-Rhône
Champlan
La Grotte Chauvet
Annonay
Romans-sur-Isère
Le Mont Mézenc
Le Château de Rochebonne
Le Teil
Huai'an
Ratisbonne
Domaine Jean-Louis Chave
Gifu
Miri
Saint-Péray
Le Château de Crussol
Le Massif Central
Ife
Vienne
Mende
Navoiy
Bourg-Saint-Andéol
Agen
Guilherand-Granges
Le site du premier vol d'une machine volante de l'histoire
 
Statistiques - réponses
Réponse % Correct
Privas
94%
Aubenas
88%
Le Pont d'Arc
84%
Site exceptionnel d'art préhistorique La Grotte Chauvet
78%
Annonay
76%
En face de Valence Guilherand-Granges
71%
Tournon-sur-Rhône
69%
Le Teil
67%
Bourg-Saint-Andéol
65%
Le Rhône
65%
Annonay (premier vol public d'une montgolfière, premier vol aérostatique de l'Histoire) Le site du premier vol d'une machine volante de l'histoire
61%
Les Cevennes
59%
Saint-Péray
57%
1754 m Le Mont Mézenc
53%
Le Château de Crussol
51%
Le Massif Central
49%
Le Château de Rochebonne
45%
Vignoble à Mauves Domaine Jean-Louis Chave
33%
Aucun quiz correspondant
Distribution des résultats
% des personnes avec chaque résultat
Percentile par nombre de réponses
Votre historique - résultats
Vous n’avez pas pris ce quiz